| 000 | 00650cam a2200229u 4500 | ||
|---|---|---|---|
| 999 |
_c21603 _d21603 |
||
| 001 | 6019148 | ||
| 003 | BDDh-ASL | ||
| 005 | 20231015030021.0 | ||
| 008 | 830419s18611888enk 000 0 eng | ||
| 010 | _a 49042258 | ||
| 040 |
_aDLC _cCarP _dDLC _dBDDh-ASL |
||
| 050 | 0 | 0 |
_aDS258 _b.M25 1861 |
| 082 |
_a955 _bMAS |
||
| 100 | 1 |
_aMalcolm, John, _d1769-1833. |
|
| 245 | 1 | 0 | _aSketches of Persia / |
| 250 | _aNew ed. | ||
| 260 |
_aLondon : _bJ. Murray, _bAssell and Company, _c1861. _c1888. |
||
| 300 |
_axvi, 287 p. : _c15 cm. |
||
| 651 | 0 |
_aIran _xDescription and travel. |
|
| 906 |
_a0 _bcbc _cpremunv _du _encip _f19 _gy-gencatlg |
||
| 942 |
_2ddc _cBK |
||